Código de enjuiciamiento criminal de Venezuela según el texto oficial / (Record no. 44622)

MARC details
000 -LEADER
campo de control de longitud fija 00649nam a2200181 i 4500
001 - NÚMERO DE CONTROL
campo de control 44622
003 - IDENTIFICADOR DE NÚMERO DE CONTROL
campo de control ES-MaACL
005 - FECHA Y HORA DE LA ÚLTIMA TRANSACCIÓN
campo de control 20230906161051.0
007 - CAMPO FIJO DE DESCRIPCIÓN FÍSICA--INFORMACIÓN GENERAL
campo de control de longitud fija t|
008 - DATOS DE LONGITUD FIJA--INFORMACIÓN GENERAL
campo de control de longitud fija 030321s1956 ve ||||1| spa d
245 00 - MENCIÓN DEL TÍTULO
Título Código de enjuiciamiento criminal de Venezuela según el texto oficial /
Mención de responsabilidad, etc. notas de jursiprudencia y repertorio alfabético por Luis Loreto, Francisco Carsi Zacarés, Julio Vázquez.
260 ## - PUBLICACIÓN, DISTRIBUCIÓN, ETC.
Lugar de publicación, distribución, etc. Caracas :
Nombre del editor, distribuidor, etc. Andrés Bello,
Fecha de publicación, distribución, etc. [1956]
300 ## - DESCRIPCIÓN FÍSICA
Extensión 150 p. ;
Dimensiones 17 cm.
700 1# - ENTRADA AGREGADA--NOMBRE PERSONAL
Nombre de persona Loreto, Luis.
9 (RLIN) 74203
700 1# - ENTRADA AGREGADA--NOMBRE PERSONAL
Nombre de persona Carsi Zacarés, Francisco.
9 (RLIN) 35856
700 1# - ENTRADA AGREGADA--NOMBRE PERSONAL
Nombre de persona Vázquez, Julio.
9 (RLIN) 113370
852 ## - LOCALIZACIÓN
Ubicación ES-MaACL
Número de control de estantería C-12615
Sublocalización o colección R.40154
Holdings
Estatus retirado Estado de pérdida Estado de daño No para préstamo Biblioteca de origen Biblioteca actual Ubicación en estantería Fecha de adquisición Fuente de adquisición Total de préstamos Signatura topográfica completa Código de barras Visto por última vez Precio de reemplazo Tipo de ítem Koha
        Biblioteca del Ateneo de Madrid Biblioteca del Ateneo de Madrid Sala Palomar 17/01/2008     C-12615 1046964 23/02/2023 23/02/2023 Libro impreso